Leon Golub : do paintings bite? : selected texts 1948-1996 /

Bibliographic Details
Main Author: Golub, Leon, 1922-2004
Other Authors: Obrist, Hans Ulrich
Format: Book
Language:English
Published: Ostifildern : Cantz ; [1997]
Subjects:

MARC

Tag First Indicator Second Indicator Subfields
LEADER 00000cam a2200000 a 4500
001 in00001404027
005 20151020054305.0
008 971215s1997 gw 000 0 eng d
020 |a 3893227172 
035 |a (OCoLC)38089894 
035 |9 AHN1018AM 
040 |a OAC  |c OAC  |d TXA  |d UtOrBLW 
049 |a TXAM 
090 |a ND237.G6113  |b A35 1997 
100 1 |a Golub, Leon,  |d 1922-2004. 
245 1 0 |a Leon Golub :  |b do paintings bite? : selected texts 1948-1996 /  |c edited by Hans-Ulrich Obrist. 
246 3 0 |a Do paintings bite? 
246 3 0 |a Selected texts, 1948-1996 
264 1 |a Ostifildern :  |b Cantz ;  |c [1997] 
264 2 |a New York, N.Y. :  |b Distributed in the U.S. by D.A.P., 
264 4 |c ©1997 
300 |a 230 pages :  |b illustrations ;  |c 23 cm. 
336 |a text  |b txt  |2 rdacontent 
337 |a unmediated  |b n  |2 rdamedia 
338 |a volume  |b nc  |2 rdacarrier 
504 |a Includes bibliographical references (pages 223-230). 
600 1 0 |a Golub, Leon,  |d 1922-2004. 
600 1 0 |a Golub, Leon,  |d 1922-2004  |x Philosophy. 
600 1 0 |a Golub, Leon,  |d 1922-2004  |x Interviews. 
600 1 0 |a Golub, Leon,  |d 1922-2004  |x Themes, motives. 
700 1 |a Obrist, Hans Ulrich. 
999 |a MARS 
999 f f |s a11ce37b-6d37-393f-8785-1fbd6eda31af  |i a8ee935b-e226-39e5-a529-d5e1b8ad9bbd  |t 0 
952 f f |p normal  |a Texas A&M University  |b College Station  |c Sterling C. Evans Library  |d Evans: Library Stacks  |t 0  |e ND237.G6113 A35 1997  |h Library of Congress classification  |i unmediated -- volume  |m A14822069815 
998 f f |a ND237.G6113 A35 1997  |t 0  |l Evans: Library Stacks